000 00593cab a22001815a 4500
001 L158790
008 150723e2015 xxk 000 0 eng d
035 _a(Sirsi) u158790
041 0 _aeng
100 1 _aFutcher, Julie
245 0 0 _aGood neighbours
490 _aRICS Building Control
_vJune2015- July 2015, 12-13(2)
520 _aThe energy impact of tall buildings on neighbourhoods should be taken into account when evaluating their carbon emissions say the authors of this piece.
651 4 _aUnited Kingdom
_y
700 1 _aMills, Gerald
700 1 _aKorolija, Ivan
942 _n0
999 _c84697
_d84697